LEADER 00974nam a2200241 i 4500 001 000000153391 003 CaOOAMICUS 005 20060921000000.0 008 060921s1926 it u000 u ita u 013 $a130733 040 $aSeMil$bita 100 1 $aVenturi, Lionello.$0(OLS)http://semarc/name/22071 245 13$aIl gusto dei primitivi /$cLionello Venturi. 260 $aBologna :$bNicola Zanichelli,$cstampa 1926. 300 $a430 p. :$bill. ;$c22 cm. 490 0 $aCritica della critica ;$v1 650 4$aEstetica - Storia.$0(OLS)http://semarc/subject/973 650 4$aArte - Critica - Storia.$0(OLS)http://semarc/subject/676 830 0$aCritica della critica ;$v1.$0(OLS)http://semarc/title/21695 850 $aSeMil 852 $aSeMil$W1$xVenegono$y1$m5L VI 30$j105333$B105333$CSeMilBibl$Z2$F114559 $81 996 $6245$aIl gusto dei primitivi$9(OLS)http://semarc/title/224422 996 $6260$aBologna :$bNicola Zanichelli$9(OLS)http://semarc/publisher/30307 LEADER 00815nam a2200205 i 4500 001 000000072899 003 CaOOAMICUS 005 20090429000000.0 008 090429s1961 fr u000 u fre u 013 $a44071 040 $aSeMil$bita 100 1 $aMounier, Emmanuel,$d<1905-1950>.$0(OLS)http://semarc/name/1147 245 10$aTraité du caractère /$cEmmanuel Mounier. 260 $aParis :$bÉditions du Seuil,$c1961. 300 $a793 p. ;$c20 cm. 773 0 $aMounier, Emmanuel <1905-1950>$tOeuvres.$dParis : Éditions du Seuil, 1961-1964.$g2$w()1299 850 $aSeMil 852 $aSeMil$W1$xVenegono$y1$m2Q III 137$j39052$B39052$CSeMilBibl$Z2$F39055 $81 996 $6245$aTraité du caractère$9(OLS)http://semarc/title/117612 996 $6260$aParis :$bÉditions du Seuil$9(OLS)http://semarc/publisher/29806